| 000 | 00814nam a22002657a 4500 | ||
|---|---|---|---|
| 003 | DO-SdBNP | ||
| 005 | 20171205130518.0 | ||
| 008 | 151211b 1976 sp a spa | ||
| 020 | _a8431015764 | ||
| 040 |
_aBPMSU _bspa _cBPMSU |
||
| 092 |
_axxxx _bxxxx |
||
| 100 | 1 |
_aStevenson, Roberto Luis, _d1850-1894. |
|
| 245 | 1 | 0 |
_aLa flecha negra / _cRoberto Luis Stevenson ; prólogo Juan Enmiendalotodo ; adaptación E. M. Fariñas |
| 260 |
_aBarcelona : _bToray, _c1976. |
||
| 300 |
_a208 p. : _bil. ; _c24 cm. |
||
| 490 | 1 |
_aJuvenil _v5 |
|
| 500 | _aNovelas famosas | ||
| 700 | 1 | 2 |
_aEnmiendalotodo, Juan, _epról. |
| 700 | 1 | 2 |
_aFariñas, E. M. _eadap. |
| 830 | 0 |
_aJuvenil _n5 |
|
| 910 | _a00144 | ||
| 942 |
_2ddc _cBK |
||
| 945 | _ainventariado extranjero / DG | ||
| 956 |
_aYngrid Lockward _b10 _2YLOCKWARD _8BPMSU |
||
| 999 |
_c12806 _d12806 |
||